Proceedings of the conference on biodiversity conservation and ultilisation : Policy coherence issues, management and implementation : 13th October 1999, Eigtveds Pakhus, Copenhagen, Denmark

This book consists of the following many parts such as the rapid changes surrounding biodiversity policy, implementation and mangement aimed at helping development countries to achieve a more equitable sharing of thier biological and genetic resources.

Αποθηκεύτηκε σε:
Λεπτομέρειες βιβλιογραφικής εγγραφής
Μορφή: Βιβλίο
Γλώσσα:Undetermined
Έκδοση: Denmark Radet for U-Landsforskning 1999
Θέματα:
Ετικέτες: Προσθήκη ετικέτας
Δεν υπάρχουν, Καταχωρήστε ετικέτα πρώτοι!
Thư viện lưu trữ: Trung tâm Học liệu Trường Đại học Cần Thơ
LEADER 00927nam a2200193Ia 4500
001 CTU_141717
008 210402s9999 xx 000 0 und d
082 |a 333.9516 
082 |b P963 
245 0 |a Proceedings of the conference on biodiversity conservation and ultilisation : 
245 0 |b Policy coherence issues, management and implementation : 13th October 1999, Eigtveds Pakhus, Copenhagen, Denmark 
245 0 |c Editors Donald J. Macintosh 
260 |a Denmark 
260 |b Radet for U-Landsforskning 
260 |c 1999 
520 |a This book consists of the following many parts such as the rapid changes surrounding biodiversity policy, implementation and mangement aimed at helping development countries to achieve a more equitable sharing of thier biological and genetic resources. 
650 |a Biodiversity conservation 
904 |i Bạch Trúc 
980 |a Trung tâm Học liệu Trường Đại học Cần Thơ